Dobrou noc, Peppo! / (Záznam č. 34202)

Podrobnosti MARC
000 -Návěští
Řídící pole kódované 24B 01330nam a2200361 i 4500
001 - Kontrolní číslo
Řídící pole proměnné 5232232
003 - Identifikátor kontrolního čísla
Řídící pole proměnné CZ PrSKC
005 - Datum posledního zpracování
Řídící pole 16B 20260421141326.0
007 - Pole pevné délky pro fyzický popis
Řídící pole kódované ta
008 - Údaje pevné délky
Řídící pole kódované 40B 260420s2026 xr a a 000 j cze
020 ## - ISBN
ISBN 9788025263495
Dostupnost Kč 229,00
040 ## - Zdroj katalogizace-agentura
Agentura původní katalogizace ABG001
Jazyk katalogizace cze
Použitá pravidla popisu rda
041 1# - Kód jazyka
Kód jazyka textu/zvuku, mezititulků cze
Kód jazyka originálu eng
072 #7 - Kód předmětové kategorie - Konspekt
Předmětová kategorie 821-93
Zpřesnění předmětové kategorie Literatura pro děti a mládež (beletrie)
Zdroj předmětové klasifikace Konspekt
080 ## - MDT
Klasifikační znak MDT 821-32
Idetifikátor vydání MDT MRF
080 ## - MDT
Klasifikační znak MDT 821-93
Idetifikátor vydání MDT MRF
080 ## - MDT
Klasifikační znak MDT (0:82-32)
Idetifikátor vydání MDT MRF
130 0# - Hlavní záhlaví - unifikovaný název
Unifikovaný název Goodnight, Peppa!.
Jazyk díla Česky
9 (RLIN) 20687
245 10 - Údaje o názvu
Název Dobrou noc, Peppo! /
Údaj o odpovědností, atd. z anglického originálu ... přeložila Petra Vichrová
250 ## - Údaje o vydání
Označení vydání Druhé vydání
264 #1 - Nakladatelské údaje
Místo vydání V Praze :
Nakladatel Alicanto,
Rok vydání 2026
300 ## - Fyzický popis
Rozsah 32 stran :
další fyzické údaje barevné ilustrace ;
Rozměry 21 cm
490 1# - Údaje o edici
Údaje o edici Peppa Pig
520 2# - Anotace
Anotace, atd. Peppa s Tomíkem se chystají do postýlky, ale ještě se jim vůbec nechce spát. Krátký příběh v obrázkové knížce na motivy televizního seriálu.
Rozšířený text anotace Je čas jít spát, ale Peppa ani Tomík ještě vůbec nejsou unavení. Jestlipak by jim pomohla pohádka na dobrou noc?
655 #7 - Rejstříkový termín - žánr/forma
Žánr/forma či základní termín příběhy
655 #7 - Rejstříkový termín - žánr/forma
Žánr/forma či základní termín publikace pro děti
655 #9 - Rejstříkový termín - žánr/forma
Žánr/forma či základní termín stories
655 #9 - Rejstříkový termín - žánr/forma
Žánr/forma či základní termín children's literature
700 1# - Vedlejší záhlaví - osobní jméno autora
Osobní jméno Vichrová, Petra
Kód role trl
9 (RLIN) 13120
710 2# - Vedlejší záhlaví - jméno korporativního autora
Jméno korporace nebo jurisdikce Alicanto (nakladatelství)
Kód role pbl
9 (RLIN) 20479
910 ## - Údaje o vlastníkovi jednotky (exempláře)
Sigla vlastníka jednotky ABG508
Jednotky
Stav ztráty Zdroj klasifikace pro skladování Stav poškození
  Universal Decimal Classification  

Používáme knihovní systém Koha